<?xml version="1.0" encoding="UTF-8"?>
<marc:record xmlns:marc="http://www.loc.gov/MARC21/slim">
   <marc:leader>00000nam a2200000 a 4500</marc:leader>
   <marc:datafield ind1="1" ind2=" " tag="100">
      <marc:subfield code="a">Stohner, Friedbert</marc:subfield>
      <marc:subfield code="4">aut</marc:subfield>
      <marc:subfield code="e">Verfasser/-in</marc:subfield>
   </marc:datafield>
   <marc:datafield ind1=" " ind2=" " tag="653">
      <marc:subfield code="a">Leseanfänger</marc:subfield>
   </marc:datafield>
   <marc:datafield ind1=" " ind2=" " tag="653">
      <marc:subfield code="a">Humor</marc:subfield>
   </marc:datafield>
   <marc:datafield ind1=" " ind2=" " tag="653">
      <marc:subfield code="a">Schule</marc:subfield>
   </marc:datafield>
   <marc:datafield ind1=" " ind2=" " tag="653">
      <marc:subfield code="a">Monster</marc:subfield>
   </marc:datafield>
   <marc:datafield ind1="0" ind2="0" tag="245">
      <marc:subfield code="a">Minzi Monster in der Schule</marc:subfield>
   </marc:datafield>
   <marc:datafield ind1=" " ind2="1" tag="264">
      <marc:subfield code="b">dtv</marc:subfield>
      <marc:subfield code="c">2018</marc:subfield>
   </marc:datafield>
   <marc:datafield ind1="1" ind2=" " tag="520">
      <marc:subfield code="a">Angaben aus der Verlagsmeldung        Minzi Monster in der Schule Stohner,Minzi Monster/Schule / von Friedbert Stohner         Ich bin nicht süß!!!     »Ach, ist die suß!«  So sagen alle, wenn sie Minzi sehen, und sie kann es nicht mehr hören. Sogar Ole, der Kindergartenschreck, nennt sie »kleines Kuschelmonster«, und wenn Minzi wutend wird, verdreht er die Augen und guckt verknallt. Aber zum Gluck kommt Minzi jetzt in die Schule. Da lernt man als kleines Monster, wie man wild und gefährlich wird, und darauf freut sich Minzi schon. Wenn sie erst wild und gefährlich ist, kann Ole was erleben! Und wirklich: Es braucht gerade mal einen Schultag, da heißt es schon, vor Minzi musse man sich in Acht nehmen, die habe den gefährlichsten Radierer der Welt. Dabei wollte sie den nur dem verknallten Ole an den Kopf werfen. Dass damit der größte Schlamassel der ganzen Monsterschulgeschichte beginnt, konnte sie schließlich nicht wissen.</marc:subfield>
   </marc:datafield>
   <marc:datafield ind1="3" ind2=" " tag="024">
      <marc:subfield code="a">9783423640404</marc:subfield>
   </marc:datafield>
</marc:record>
